000
00230 a2200097 4500
001
27301
100
_a
Johnston, K.F
245
_a
Electrical and mechanical engg contracts
260
_a
_b
Gower press
_c
1971
090
_c
18128
_d
18128
942
_a
NUST-CAE
_c
M
_c
9034
999
_c
262374
_d
262374